000 00845nmm a2200265 a 4500
001 ocm0001520558
003 TR-IsHL
005 20201028162956.0
008 170206s2016 tu tur
007 cr cn
020 _a9789756503270
035 _a1520558
_b(N$T)
050 0 4 _aQ180.55.M4
_bE78 2016
090 0 4 _aQ180.55.M4
_bE78 2016
100 1 _aErtuğrul, Halit
245 1 0 _aBilimsel çalışmalarda yeni teknikler
_h[electronic resource] /
_cHalit Ertuğrul
260 _aİstanbul :
_bNesil Yayınları,
_c2016
300 _a125 p.
650 4 _aGenel Çalışmalar
650 4 _aGeneral Works
650 0 _aAraştırma metodları
650 0 _aResearch methods
650 7 _aSOCIAL SCIENCE / Research
_2bisacsh
856 4 0 _uhttp://search.ebscohost.com/login.aspx?direct=true&scope=site&db=e011xww&AN=1520558
999 _c15092
_d15092